Statistics for MN Timberwolves 2021-2022 Roster

Click here to take the quiz!

General Stats

  • This quiz has been taken 43 times
  • The average score is 6 of 16

Answer Stats

HintAnswer% Correct
CKarl Anthony Towns
100%
SfAnthony Edwards
93%
PgD Angelo Russell
87%
PfJarred Vanderbilt
43%
PgPatrick Beverly
40%
BenchNaz Reid
37%
BenchTaurean Prince
30%
BenchJosh Okogie
23%
BenchMalik Beasly
23%
BenchNathan Knight
23%
BenchJaylen Nowell
17%
BenchJordan McLaughlin
17%
BenchJake Layman
13%
BenchLeandro Bolmaro
13%
BenchMcKinley Wright IV
10%
BenchJaden Mdaniels
0%

Score Distribution

Percentile by Number Answered

Percent of People with Each Score

Your Score History

You have not taken this quiz